MARC

LEADER 00000nam0a2200000 4500
001 305954
005 20231102001841.0
020 |a RU  |b 83-50491 
035 |a (RuTPU)RU\TPU\book\331230 
090 |a 305954 
100 |a 20151001d1983 km y0rusy5003 ca 
101 0 |a rus 
102 |a RU 
105 |a y z 001zy 
200 1 |a Фондоотдача в химической промышленности. Вопросы методики и анализа  |e межвузовский сборник  |f под ред. Е. Н. Осиповой 
210 |a Ленинград  |c Изд-во ЛГУ  |d 1983 
215 |a 104 с. 
320 |a Библиография в ссылках. 
606 1 |a Химические предприятия  |x Основные фонды  |x Использование  |x Экономическая эффективность  |2 stltpush  |3 (RuTPU)RU\TPU\subj\30867  |9 53886 
610 1 |a химические заводы 
610 1 |a фондоотдача 
610 1 |a методика 
610 1 |a анализ 
610 1 |a экономическая эффективность 
610 1 |a повышение 
610 1 |a производственные фонды 
675 |a 66:658  |z rus  |v 3 
702 1 |a Осипова  |b Е. Н.  |g Елена Николаевна  |4 340 
801 0 |a RU  |b RuMRKP  |c 19950704  |g psbo 
801 1 |a RU  |b 63413507  |c 20151001 
801 2 |a RU  |b 63413507  |c 20190313  |g RCR 
942 |c BK